<The> 18 immutable laws of corporate reputation creating, protecting & repairing your most valuable asset

Gespeichert in:
Bibliographische Detailangaben
1. Verfasser: Alsop, Ronald J.
Format: Buch
Sprache:Englisch
Veröffentlicht: London Kogan Page 2004
Schlagworte:
Tags: Tag hinzufügen
Keine Tags, Fügen Sie das erste Tag hinzu!

MARC

LEADER 00000nam$a2200000$$$4500
001 0105830
005 20231215114931.3
020 |a 0-7494-4255-7 
041 0 |a eng 
044 |a GB 
245 1 0 |a <The> 18 immutable laws of corporate reputation  |b creating, protecting & repairing your most valuable asset  |c Ronald J. Alsop 
264 1 |a London  |b Kogan Page  |c 2004 
300 |a xii, 306 s. 
610 2 0 |a podnikanie 
610 2 0 |a riadenie 
610 2 0 |a stratégia podnikateľská 
610 2 0 |a stratégia podniková 
610 2 0 |a internet 
610 2 0 |a štúdie prípadové 
100 1 |a Alsop, Ronald J.